000
00322nam a22001337a 4500
008
171009b xxu||||| |||| 00| 0 eng d
020
_a
9780465084487
041
_a
eng
080
_2
4TH
_a
159.9
100
_a
49
101
_a
PSI
245
_a
THE THEORY AND PRACTICE OF GROUP PSYCHOTHERAPY
_c
YALOM,I.D
942
_2
udc
_c
BK
999
_c
32554
_d
32554